书目信息 |
| 题名: |
展望塔上的杀人
|
|
| 作者: | 岛田庄司 著 ;赵建勋 译 | |
| 分册: | ||
| 出版信息: | 北京 新星出版社 2009.09 |
|
| 页数: | 205页 | |
| 开本: | 22cm | |
| 丛书名: | 午夜文库 | |
| 单 册: | ||
| 中图分类: | I313.45 | |
| 科图分类: | ||
| 主题词: | 侦探小说 , 侦探小说--日本--现代--选集 , 短篇小说--日本--现代--选集 , 短篇小说 | |
| 电子资源: | ||
| ISBN: | 978-7-80225-720-7 | |
| 000 | 00954oam2 2200313 450 | |
| 001 | 1248833340 | |
| 005 | 20120108133505.29 | |
| 010 | @a978-7-80225-720-7@dCNY21.00 | |
| 090 | @aI313.45@bdtz | |
| 096 | @aI313.45@bdtz | |
| 100 | @a20091222d2009 em y0chiy50 ea | |
| 101 | 1 | @achi@cjpn |
| 102 | @aCN@b110000 | |
| 105 | @ay z 000ay | |
| 200 | 1 | @a展望塔上的杀人@b专著@f(日)岛田庄司著@g赵建勋译@9zhan wang ta shang de sha ren |
| 210 | @a北京@c新星出版社@d2009.09 | |
| 215 | @a205页@d22cm | |
| 225 | 2 | @a午夜文库@i大师系列@v103 |
| 300 | @a岛田庄司推理小说 吉敷竹史系列 | |
| 462 | 0 | @1001003890119 |
| 606 | 0 | @a侦探小说 |
| 606 | 0 | @a侦探小说@y日本@z现代@j选集 |
| 606 | 0 | @a短篇小说@y日本@z现代@j选集 |
| 606 | 0 | @a短篇小说 |
| 690 | @aI313.45@v4 | |
| 701 | 0 | @c(日)@a岛田庄司@c(Shimada Soji@f1948.10~)@4著@9dao tian zhuang si |
| 702 | 0 | @a赵建勋@4译@9zhao jian xun |
| 801 | 0 | @aCN@bNJLIB@c20091010 |
| 905 | @aZUCC@dI313.45@eD1911 | |
| 展望塔上的杀人/(日)岛田庄司著/赵建勋译.-北京:新星出版社,2009.09 |
| 205页;22cm.-(午夜文库.大师系列;103) |
| 岛田庄司推理小说 吉敷竹史系列 |
| ISBN 978-7-80225-720-7:CNY21.00 |
| ● |
| 相关链接 |
|
|
|
正题名:展望塔上的杀人
索取号:I313.45/D1911
 
预约/预借
| 序号 | 登录号 | 条形码 | 馆藏地/架位号 | 状态 | 备注 |
| 1 | 480841 | 204808413 | 文学库116/116文学库 14排3列1层/ [索取号:I313.45/D1911] | 在馆 | |
| 2 | 480842 | 204808422 | 文学库116/116文学库 14排3列1层/ [索取号:I313.45/D1911] | 在馆 | |
| 3 | 480843 | 204808431 | 社科二线400B/400B社科库 5排1列4层/ [索取号:I313.45/D1911] | 在馆 |